00403 a2200121 4500001001000000005001700010008004100027245008200068100002200150700002100172773007100193999001700264ART_1175620260410161900.0260409a 10aThe effects of the capital gains tax on selling and switching of common stock1 aFeldstein, Martin1 aYitzhaki, Shlomo0 tJournal of public economicsg- Vol. 9, NÂș 1 (feb. 1978)wREV11485 c25802d25802